000 00916nmm a2200325 a 4500
003 AR-BaBNM
005 20251128204435.0
008 145019s1991 ||||||||||||||000 | spa||
020 _a84-7509-739-1
040 _cAR-BaBNM
100 1 _aBlouet-Chapiro, Christine
245 1 0 _aEl psicosociólogo en la clase
250 _a1ª ed.
260 _aBarcelona
_bPaidós
_c1991
300 0 _a142 p.
504 _aContiene bibliografía en p. 131-142
650 4 _aPSICOLOGIA DE LA EDUCACION
650 4 _aPSICOSOCIOLOGIA DE LA EDUCACION
650 4 _aSOCIOLOGIA DE LA EDUCACION
650 4 _aORIENTACION PEDAGOGICA
651 4 _aFrancia
653 0 _aINSTITUCIONES EDUCATIVAS
653 0 _aPSICOPEDAGOGIA
653 0 _aPSICOPEDAGOGOS
700 1 _aFerry, Gilles
700 1 _aJiménez Silva, María del Pilar
_etraductor
700 1 _aEisenberg, Rosa
_etraductor
942 _cBK
998 _cHector
999 _c7431
_d7431